000 00809nam a2200193Ia 4500
003 GCL
008 140319s9999 xx 000 0 ara d
040 _aGCL /
_cGCL
082 0 4 _a265.7
_bت ث
100 1 _aرينر هلموت
245 1 0 _aثلاثة مصنفات للحكيم الترمذى :
_bكتاب سيرة الاولياء جواب المسائل التى ساله اهل سرخس عنها - جواب كتاب من الرى /
_cرينر هلموت
700 1 _aراتكه بيرند
260 _aبيروت :
_bدار النشر فرانز شتايز بفيسبادن ،
_c1992
300 _a340 ص ؛
_c24 سم
490 _aالنشرات الاسلامية
_v35\أ
650 0 4 _aالتصوف - تاريخ
650 0 4 _aالتصوف الاسلامى - المقامات
942 _2ddc
_cBK
999 _c36073
_d36073